000 01140nam0a2200289 i 4500
001 RU\NLR\BIBL_A\010412754
005 20241213005339.0
010 _a978-5-91669-119-1
_9255
021 _aRU
_b2014-19825
_91231
035 _a(NLR Aleph) 010412754
090 _a9768847
_c9768847
100 _a20140707d2013 kk y0rusy50 ca
101 0 _akom
_arus
102 _aRU
105 _ay||||||||||||
200 1 _a4-öд класса "Лыддьысян небöг" дiнö урок план-конспект
_fТ. С. Мишарина
210 _aСыктывкар
_cАнбур
_d2013
215 _a118, [1] с.
_d20
300 _aЧасть текста рус.
541 1 _aКонспекты уроков к учебнику "Литературное чтение", 4-й класс.
_zrus
606 1 _aКоми-зырянский язык
_xПреподавание
_xНачальная школа
_92175227
_3RU\NLR\auth-onl\6613
686 1 _aЧ426.151
700 1 _aМишарина
_bТ. С.
_gТатьяна Семёновна
_4070
852 _aNLR
_bОНЛ
_jКоми-з./2-1908
942 _cBOOK
980 _aNBR